| 000 | 01163pam a2200313 a 4500 | ||
|---|---|---|---|
| 001 | 2567 | ||
| 005 | 20231215143257.0 | ||
| 020 | _a9780152063207 (pbk.) | ||
| 040 |
_aDLC _cDLC _beng |
||
| 050 | 0 | 0 |
_aPZ7.T2186 _bTi 2007 |
| 082 | 0 | 0 |
_a813.54 _222 |
| 100 | 1 |
_aTaylor, Theodore _d1921-2006 |
|
| 245 | 1 | 0 |
_aTimothy of the cay / _cTheodore Taylor |
| 250 | _aFirst Scholastic printing, April 2008 | ||
| 260 |
_aOrlando : _bScholastic, _c1993 |
||
| 300 |
_a161 pages _c20 cm |
||
| 500 | _aSequel to: The cay. | ||
| 505 | _aX | ||
| 520 | _aHaving survived being blinded and shipwrecked on a tiny Caribbean island with the old Black man Timothy, twelve-year-old white boy Phillip is rescued and hopes to regain his sight with an operation. Alternate chapters follow the life of Timothy from his days as a young cabin boy. | ||
| 521 | 1 |
_a860 _bLexile |
|
| 521 | 1 |
_aX _bRaz-Plus |
|
| 650 | 1 |
_aShipwrecks _vFiction. |
|
| 650 | 1 |
_aSurvival _vFiction. |
|
| 650 | 1 |
_aBlack people _zCaribbean Area _vFiction. |
|
| 650 | 1 |
_aBlind _vFiction. |
|
| 650 | 1 |
_aPeople with disabilities _vFiction. |
|
| 906 |
_a7 _bcbc _corigcop _d2 _encip _f20 _gy-gencatlg |
||
| 942 |
_2ddc _cBK _n0 |
||
| 999 |
_c2567 _d2567 |
||